Impact of Electronic Auctions on Business Procurement in Slovakia During COVID-19
Nákupné procesy a inovácie v rámci obstarávania v podnikoch. Prehľad moderných a inovatívnych metód súčasného obstarávania a analýza vplyvu elektronických aukcií na zamedzenie a úsporu nákladov počas pandémie ochorenia COVID‑19 spôsobeného novým koronavírusom a pred pandemickým stavom. Inovatívne me...
Salvato in:
| Autore principale: | |
|---|---|
| Natura: | Capitolo di libro |
| Lingua: | inglese |
| Soggetti: | |
| Tags: |
Nessun Tag, puoi essere il primo ad aggiungerne!!
|
MARC
| LEADER | 00000naa$a2200000$$$4500 | ||
|---|---|---|---|
| 001 | 0283870 | ||
| 005 | 20240502074410.6 | ||
| 041 | 0 | |a eng | |
| 044 | |a SK | ||
| 245 | 1 | 0 | |a Impact of Electronic Auctions on Business Procurement in Slovakia During COVID-19 |
| 520 | |a Nákupné procesy a inovácie v rámci obstarávania v podnikoch. Prehľad moderných a inovatívnych metód súčasného obstarávania a analýza vplyvu elektronických aukcií na zamedzenie a úsporu nákladov počas pandémie ochorenia COVID‑19 spôsobeného novým koronavírusom a pred pandemickým stavom. Inovatívne metódy moderného obstarávania, ktoré výrazne zlepšujú možnosti vyhnutia sa nákladom pre podniky, ako elektronické aukcie, online uzatváranie zmlúv, manažment pohľadávok a elektronické aukcie. Zvýšenie využívania elektronických aukcií na Slovensku počas pandémie COVID-19. | ||
| 610 | 2 | 0 | |a obstarávanie elektronické |
| 610 | 2 | 0 | |a aukcie |
| 610 | 2 | 0 | |a pandémia |
| 610 | 2 | 0 | |a koronakríza |
| 610 | 2 | 0 | |a znižovanie nákladov |
| 610 | 2 | 0 | |a digitalizácia |
| 610 | 2 | 0 | |a transformácia digitálna |
| 610 | 2 | 0 | |a procesy podnikové |
| 610 | 2 | 0 | |a Slovensko |
| 100 | 1 | |a Ševčík, Jakub, 1995- | |